Statistiques concernant Mois du calendrier républicain

Cliquez ici pour prendre le quiz!

Statistiques générales

  • Ce quiz a été pris 22 fois
  • Le résultat moyen est 6 sur 12

Statistiques - réponses

Mois républicain% Correct
Brumaire
80%
Thermidor
65%
Germinal
60%
Pluviôse
60%
Vendémiaire
60%
Ventôse
60%
Floréal
55%
Nivôse
55%
Fructidor
35%
Prairial
35%
Frimaire
30%
Messidor
25%

Distribution des résultats

Percentile par nombre de réponses

% des personnes avec chaque résultat

Votre développement - résultats

Vous n’avez pas pris ce quiz